书目信息 |
| 题名: |
理论力学
|
|
| 作者: | 和兴锁 主编 ;西北工业大学理论力学教研室 编 | |
| 分册: | 二 | |
| 出版信息: | 北京 科学出版社 2005.08 |
|
| 页数: | 108页 | |
| 开本: | 24cm | |
| 丛书名: | ||
| 单 册: | ||
| 中图分类: | O31 | |
| 科图分类: | ||
| 主题词: | 理论力学--li lun li xue--高等学校 | |
| 电子资源: | ||
| ISBN: | 7-03-016017-7 | |
| 000 | 00910nam0 2200253 450 | |
| 001 | 010264965310 | |
| 005 | 20051114150622.93 | |
| 010 | @a7-03-016017-7@dCNY10.00 | |
| 100 | @a20051022d2005 km y0chiy0120 ea | |
| 101 | 0 | @achi |
| 102 | @aCN@b110000 | |
| 105 | @aa a 000yy | |
| 200 | 1 | @a理论力学@Ali lun li xue@h二@f和兴锁主编@Fhe xing suo zhu bian@g西北工业大学理论力学教研室编@Gxi bei gong ye da xue li lun li xue jiao yan shi bian |
| 210 | @a北京@c科学出版社@d2005.08 | |
| 215 | @a108页@c图@d24cm | |
| 300 | @a国家级精品课程教材 国家工科力学教学基地规划教材 | |
| 320 | @a有书目。 | |
| 330 | @a本书讲述理论力学的基本知识及其应用。 | |
| 606 | 0 | @a理论力学@Ali lun li xue@x高等学校 |
| 690 | @aO31@v4 | |
| 701 | 0 | @a和兴锁@Ahe xing suo@4主编 |
| 712 | 02 | @a西北工业大学理论力学教研室@Axi bei gong ye da xue li lun li xue jiao yan shi@4编 |
| 801 | 0 | @aCN@bQSSK@c20051114 |
| 905 | @a10447@dO31@eH230 | |
| 理论力学.二/和兴锁主编/西北工业大学理论力学教研室编.-北京:科学出版社,2005.08 |
| 108页:图;24cm |
| 国家级精品课程教材 国家工科力学教学基地规划教材 |
| ISBN 7-03-016017-7:CNY10.00 |
| 本书讲述理论力学的基本知识及其应用。 |
| ● |
| 相关链接 |
|
|
|
正题名:理论力学
索取号:O31/H230
 
预约/预借
| 序号 | 登录号 | 条形码 | 馆藏地/架位号 | 状态 | 备注 |
| 1 | 576077 | 205760773 | 自科库401/401自科库 51排3列1层/ [索取号:O31/H230] | 在馆 | |
| 2 | 576078 | 205760782 | 自科库401/401自科库 51排3列1层/ [索取号:O31/H230] | 在馆 | |
| 3 | 576079 | 205760791 | 自科库401/401自科库 51排3列1层/ [索取号:O31/H230] | 在馆 |